| 000 | 00529nam a2200181 4500 | ||
|---|---|---|---|
| 001 | 125974 | ||
| 003 | ES-MaACL | ||
| 005 | 20230906192729.0 | ||
| 007 | t| | ||
| 008 | 070214s1973 sp r ||||1| spa d | ||
| 100 | 1 |
_aArce, Carlos de. _922446 |
|
| 245 | 1 | 3 |
_aEl misterio de los harenes / _cPaul Reader ; versión de Carlos de Arce Robledo. |
| 250 | _a1ª. ed. | ||
| 260 |
_aBarcelona : _bPicasso, _c1973. |
||
| 300 |
_a295 p. : _bil. ; _c22 cm. |
||
| 700 | 1 |
_aArce, Carlos de. _922446 |
|
| 852 |
_aES-MaACL _jC-52481 _bR.85688 |
||
| 999 |
_c125974 _d125974 |
||